Industrial growth, employment and foreign investment in peninsular Malaysia

Bibliographic Details
Main Authors: Hoffmann, Lutz , 1934- (Author), Tan, Siew Ee (Author)
Format: Book
Published: Kuala Lumpur : Oxford University Press, For Institut For Weltwirtschaft, Kecl , 1980
Subjects:

MARC

LEADER 00000cam a2200000 7i4500
001 0000008340
005 20230502093000.0
008 021119n
020 |a 0195804155 
050 0 0 |a HD9505.M3   |b H6 
090 0 0 |a HD9505.M3   |b H6 
100 0 |a Hoffmann, Lutz ,   |d 1934- ,   |e author 
245 0 0 |a Industrial growth, employment and foreign investment in peninsular Malaysia   |c Lutz Hoffman anf Tan Siew Ee 
260 2 |a Kuala Lumpur :   |b Oxford University Press, For Institut For Weltwirtschaft, Kecl ,   |c 1980 
300 |a 322 p. ; ;   |c 25 cm. 
500 |a Includes index 
504 |a Bibliography: p. 308-315 
650 0 |a Investments, Foreign   |z Malaysia 
651 0 |a Malaya   |x Industries 
700 0 |a Tan, Siew Ee ,   |e author 
999 |a 1000012034   |b Book   |c OPEN SHELF (30 DAYS)   |e Gong Badak Campus